000
00245nam a2200097Ia 4500
008
120527s9999 xx 000 0 und d
100
_a
SPRADLEY and Mccurdy
245
_a
Anthropology: the cultural perspective
260
_b
Wave land
942
_c
BK
999
_c
25582
_d
25582